Top 50 des Meilleurs Contreurs de l'Histoire de la NBA - Statistiques

Statistiques générales
  • Ce quiz a été pris 36 fois
  • Le résultat moyen est 20 sur 50
Statistiques - réponses
Contres totaux Joueurs Teams % Correct
3 803 Hakeem Olajuwon Rockets-Raptors
97%
1 390 Clifford Robinson Trail Blazers-Suns-Pistons-Warriors-Nets
93%
2 954 David Robinson Spurs
93%
3 189 Kareem Abdul-Jabbar Bucks-Lakers
93%
3 020 Tim Duncan Spurs
93%
3 289 Dikembe Mutombo Nuggets-Hawks-76ers-Nets-KnicksRockets
86%
1 820 Jermaine O'Neal Trail Blazers-Pacers-Raptors-HeatCeltics-Suns-Warriors
86%
2 732 Shaquille O'Neal Magic-Lakers-Heat-Suns-CavaliersCeltics
86%
1 889 Moses Malone Stars-Spirits-Braves-Rockets-76ersBullets-Hawks-Bucks-Spurs
79%
2 894 Patrick Ewing Knicks-SuperSonics-Magic
79%
1 805 Rudy Gobert Jazz-Timberwolves
76%
2 228 Dwight Howard Magic-Lakers-Rockets-Hawks-HornetsWizards-76ers
66%
1 848 Anthony Davis Pelicans-Lakers-Mavericks
62%
1 568 DeAndre Jordan Clippers-Mavericks-Knicks-Nets-Lakers76ers-Nuggets-Pelicans
59%
2 356 Alonzo Mourning Hornets-Heat-Nets
55%
2 037 Kevin Garnett Timberwolves-Celtics-Nets
55%
2 137 Ben Wallace Wizards-Magic-Pistons-Bulls-Cavaliers
52%
3 064 Mark Eaton Jazz
52%
1 460 Rasheed Wallace Bullets-Trail Blazers-Hawks-PistonsCeltics-Knicks
52%
2 110 Brook Lopez Net-Lakers-Bucks-Clippers
45%
2 086 Manute Bol Bullets-Warriors-76ers-Heat
45%
1 941 Pau Gasol Grizzlies-Lakers-Bulls-Spurs-Bucks
45%
2 361 Robert Parish Warriors-Celtics-Hornets-Bulls
45%
2 082 George Johnson Warriors-Braves-Nets-Spurs-HawksSuperSonics
34%
1 496 Myles Turner Pacers-Bucks
34%
1 771 Elvin Hayes Rockets-Bullets
31%
1 713 Josh Smith Hawks-Pistons-Rockets-ClippersPelicans
31%
1 690 Kevin McHale Celtics
31%
3 178 Artis Gilmore Colonels-Bulls-Spurs-Celtics
28%
2 119 Shawn Bradley 76ers-Nets-Mavericks
28%
2 331 Marcus Camby Raptors-Knicks-Nuggets-ClippersTrail Blazers-Rockets
24%
1 403 Mark West Mavericks-Bucks-Cavaliers-Suns-PistonsPacers-Hawks
24%
2 297 Caldwell Jones Conquistadors-Colonels-Spirits-76ersRockets-Bulls-Trail Blazers-Spurs
17%
1 605 Herb Williams Pacers-Mavericks-Knicks-Raptors
17%
1 456 Hot Rod Williams Cavaliers-Suns-Mavericks
17%
1 631 Vlade Divac Lakers-Hornets-Kings
17%
1 461 Andrei Kirilenko Jazz-Timberwolves-Nets
14%
2 027 Larry Nance Suns-Cavaliers
14%
1 759 Serge Ibaka Thunder-Magic-Raptors-Clippers-Bucks
14%
1 828 Elton Brand Bulls-Clippers-76ers-Mavericks-Hawks
10%
1 941 Julius Erving Squires-Nets-76ers
10%
1 535 Wayne Cooper Warriors-Jazz-Mavericks-Trail BlazersNuggets
7%
1 473 Alton Lister Bucks-SuperSonics-Warriors-CelticsTrail Blazers
3%
1 602 Elden Campbell Lakers-Hornets-SuperSonics-PistonsNets
3%
1 398 Erick Dampier Pacers-Warriors-Mavericks-Heat-Hawks
3%
1 546 Samuel Dalembert 76ers-Kings-Rockets-Bucks-MavericksKnicks
3%
2 542 Tree Rollins Hawks-Cavaliers-Pistons-RocketsMagic
3%
1 581 Benoit Benjamin Clippers-SuperSonics-Lakers-NetsGrizzlies-Bucks-Raptors-76ers-Cavaliers
0%
1 457 Billy Paultz Nets-Spurs-Rockets-Hawks-Jazz
0%
1 968 Theo Ratliff Pistons-76ers-Hawks-Trail BlazersCeltics-Timberwolves-Spurs-Hornets Lakers
0%
Aucun quiz correspondant
Distribution des résultats
% des personnes avec chaque résultat
Percentile par nombre de réponses
Votre historique - résultats
Vous n’avez pas pris ce quiz